Databázový systém Paradox verze 4.0

Bibliographic Details
Main Author: Kubálek, Tomáš (Author)
Format: Book
Language:Czech
PhysicalDescription:112 s. 29 cm
Published: Praha Vysoká škola ekonomická 1993
ISBN:8070796758
Edition:1. vyd.

MARC

LEADER 00000nam a2200000 a 4500
001 vtls001151161
003 SK-MaSNL
005 20260301063201.0
008 250414s1993 xr 0 cze
020 |a 8070796758 
035 |a SNK000094029 
040 |a SNK  |b slo  |c SNK  |e AACR2 
041 0 |a cze 
044 |a xr  |c CZ 
080 |a 681.3.01 PARADOX 4.0(075.8)  |2 1981 
100 1 |a Kubálek, Tomáš  |4 aut  |9 378512 
245 1 0 |a Databázový systém Paradox verze 4.0  |c Tomáš Kubálek 
250 |a 1. vyd. 
260 |a Praha  |b Vysoká škola ekonomická  |c 1993 
300 |a 112 s.  |c 29 cm 
852 |a Slovenská národná knižnica 
919 |a 80-7079-675-8 
954 |a PARADOX 4.0(systém databázový)  |a systémy databázové:PARADOX 4.0 
999 |c 623202  |d 625132 
952 |t P60, <04>, [BOOK], {604}  |a SNK  |b SNK  |y VYP  |7 0  |p 17A0104479  |o snkIB 68812  |0 0  |1 0  |4 0  |d 1997-10-22  |l 0  |r 2005-01-01 00:00:00  |w 2026-02-23